[Event "Ann Arbor (HVA/1/12)"]
[Site "?"]
[Date "1993.??.??"]
[Round "?"]
[White "Guilfoyle, Jeff"]
[Black "Kung, Fred"]
[Result "0-1"]
[WhiteElo "1605"]
[BlackElo "1815"]
[PlyCount "60"]
[EventDate "1993.??.??"]

{1/(12)} 1. e4 e6 2. d4 d5 3. exd5 exd5 4. c4 c6 5. Nc3 Nf6 6. Nf3 g6 7. Be2
Bg7 8. O-O O-O 9. Bf4 dxc4 10. Bxc4 Bg4 11. Qd2 Bxf3 12. gxf3 Nbd7 13. Bh6 Nb6
14. Bxg7 Kxg7 15. Bb3 Qd7 16. Kh1 Rad8 17. Rad1 Qf5 18. Qd3 Qxd3 19. Rxd3 c5
20. Bc2 Rxd4 21. Rxd4 cxd4 22. Nb5 Rd8 23. Rd1 Nc4 24. b3 Ne5 25. Nxd4 Rc8 26.
f4 Nf3 27. Bb1 Nxd4 28. Rxd4 Rc1+ 29. Kg2 Rxb1 30. h3 Rb2 0-1

[Event "Ann Arbor (HVA/5/18)"]
[Site "?"]
[Date "1993.??.??"]
[Round "?"]
[White "Guilfoyle, Jeff"]
[Black "Elliott, J."]
[Result "1/2-1/2"]
[WhiteElo "1605"]
[BlackElo "1605"]
[PlyCount "112"]
[EventDate "1993.??.??"]

{5/(18)} 1. e4 c5 2. Nf3 g6 3. d4 d5 4. dxc5 dxe4 5. Qxd8+ Kxd8 6. Ng5 Ke8 7.
Nxe4 f5 8. Ng5 e5 9. Bc4 Nh6 10. O-O Bxc5 11. Nc3 Nc6 12. Nf3 Ng4 13. Nd5 Be6
14. Nc7+ Ke7 15. Nxe6 b5 16. Nxc5 bxc4 17. Bg5+ Kd6 18. h3 e4 19. Nd2 Kxc5 20.
hxg4 h6 21. Be3+ Kd5 22. gxf5 gxf5 23. c3 h5 24. f3 h4 25. Kh2 Rh5 26. Rad1 Ne5
27. fxe4+ fxe4 28. Nf3+ Nd3 29. Ne1 a5 30. Kh3 Rg8 31. Rf7 Rg3+ 32. Kh2 Rxe3
33. Nxd3 exd3 34. b3 Re2 35. bxc4+ Kxc4 36. Rc7+ Kd5 37. Rxd3+ Ke4 38. Rd4+ Ke3
39. Re7+ Kf2 40. Rxe2+ Kxe2 41. c4 Rf5 42. Rxh4 Rf2 43. c5 Kf1 44. Rg4 Rxa2 45.
Rf4+ Ke2 46. c6 Rc2 47. Ra4 Rxc6 48. Rxa5 Rh6+ 49. Kg1 Rg6 50. Rf5 Ke3 51. Rf3+
Ke4 52. Kf2 Ke5 53. g3 Rf6 54. Rxf6 Kxf6 55. Kg2 Kg6 56. Kh3 Kg5 1/2-1/2

[Event "East Lansing (MOR/7/36)"]
[Site "?"]
[Date "1993.??.??"]
[Round "?"]
[White "Guenther, B."]
[Black "Troupe, D."]
[Result "0-1"]
[WhiteElo "1605"]
[BlackElo "1605"]
[PlyCount "50"]
[EventDate "1993.??.??"]

{7/(36)} 1. Nf3 d5 2. e3 Bd7 3. c4 Nf6 4. cxd5 Nxd5 5. Bc4 e6 6. Ne5 Qf6 7. d4
Nc6 8. Ng4 Qe7 9. O-O Nf6 10. Nxf6+ Qxf6 11. Nc3 a6 12. d5 Ne5 13. f4 Nxc4 14.
Qc2 exd5 15. Nxd5 Qc6 16. e4 O-O-O 17. Kh1 f5 18. b3 Nd6 19. Qxc6 Bxc6 20. Nc3
Nxe4 21. Nxe4 Bxe4 22. Bb2 Rg8 23. a4 Rd2 24. Rg1 Rxb2 25. Rac1 Bd6 0-1

[Event "East Lansing (MOR/1a/23)"]
[Site "?"]
[Date "1993.??.??"]
[Round "?"]
[White "Guenther, B."]
[Black "Rodriguez, Juan"]
[Result "1-0"]
[WhiteElo "1605"]
[BlackElo "1605"]
[PlyCount "125"]
[EventDate "1993.??.??"]

1. Nf3 d5 2. e3 Nf6 3. Be2 Bg4 4. Ne5 Bf5 5. b3 Nbd7 6. Bb2 Nxe5 7. Bxe5 Nd7 8.
d4 Nxe5 9. dxe5 e6 10. Bg4 Bg6 11. Qf3 Bxc2 12. O-O Be4 13. Qf4 Be7 14. Nd2 Bg5
15. Qg3 Bd3 16. Rfd1 Bb5 17. a4 Bc6 18. b4 O-O 19. b5 Bd7 20. Nb3 b6 21. Nd4
Rc8 22. Nf3 Be7 23. Nd4 c5 24. bxc6 Bxc6 25. Bxe6 Rc7 26. Nxc6 Rxc6 27. Bxd5
Qc7 28. Bxc6 Qxc6 29. Rdc1 Bc5 30. Qh4 Re8 31. e4 Rxe5 32. Rxc5 bxc5 33. f3 Qd6
34. Qe1 Qd4+ 35. Kh1 Re8 36. a5 Re7 37. h3 c4 38. Rc1 Qc5 39. e5 Re8 40. Qh4 c3
41. e6 Qe5 42. Qc4 Rxe6 43. Qxc3 Qxc3 44. Rxc3 f6 45. Rc7 Ra6 46. Rc5 Kf7 47.
Kg1 Kg6 48. Kf2 Kf7 49. Ke3 Ke6 50. g4 Kd6 51. Rf5 Rc6 52. Kd4 Ke6 53. f4 a6
54. h4 g6 55. Rc5 Rd6+ 56. Ke4 f5+ 57. gxf5+ gxf5+ 58. Rxf5 Rd4+ 59. Kxd4 Kxf5
60. Kc5 Kxf4 61. Kb6 Ke5 62. Kxa6 Kd6 63. Kb6 1-0

[Event "East Lansing (MOR/4/32)"]
[Site "?"]
[Date "1993.??.??"]
[Round "?"]
[White "Guenther, B."]
[Black "Horton, Deon"]
[Result "0-1"]
[WhiteElo "1605"]
[BlackElo "1735"]
[PlyCount "78"]
[EventDate "1993.??.??"]

{4/(32)} 1. e4 c5 2. Bc4 e6 3. Nc3 Nc6 4. Nf3 Qc7 5. O-O a6 6. a4 Nf6 7. d4
cxd4 8. Nxd4 Be7 9. Nxc6 bxc6 10. Bd3 e5 11. Be3 O-O 12. Qf3 Bb7 13. Qg3 Kh8
14. Rfd1 d5 15. f3 Rad8 16. Ne2 d4 17. Bg5 Bc8 18. c3 c5 19. Rac1 dxc3 20. Rxc3
Qb6 21. b3 c4+ 22. Kh1 cxd3 23. Rcxd3 Bb4 24. Rxd8 Rxd8 25. Rc1 h6 26. Qh4 Kg8
27. Bxf6 Qxf6 28. Ng1 Qxh4 29. g3 Qg5 30. Rc2 Qe3 31. Re2 Qc1 32. h4 Rd1 33.
Rg2 Bh3 34. Kh2 Bxg2 35. Kxg2 Qc2+ 36. Kh3 Rxg1 37. Kg4 Qc8+ 38. Kh5 g6+ 39.
Kxh6 Bf8+ 0-1

[Event "Lansing (MI Am/2)"]
[Site "?"]
[Date "1993.??.??"]
[Round "?"]
[White "Grzegorczyk, Ron"]
[Black "Skidmore, Mike"]
[Result "0-1"]
[WhiteElo "1645"]
[BlackElo "1910"]
[PlyCount "66"]
[EventDate "1993.??.??"]

1. e4 c5 2. Nf3 Nc6 3. Nc3 a6 4. a3 d6 5. d3 Nf6 6. Be2 e6 7. Bd2 Be7 8. O-O
O-O 9. Ne1 d5 10. exd5 exd5 11. Bf3 Ne5 12. Bf4 Nxf3+ 13. Nxf3 Bg4 14. h3 Be6
15. Ne5 Bd6 16. Qf3 Qc7 17. Rfe1 d4 18. Ne4 Nxe4 19. Qxe4 Rae8 20. Bh2 Bd7 21.
f4 f6 22. Qd5+ Be6 23. Qe4 fxe5 24. fxe5 Be7 25. Rf1 Bg5 26. Rf3 Rxf3 27. Qxf3
Rf8 28. Qe2 Be3+ 29. Kh1 Rf2 30. Qh5 Qc6 31. Rg1 Rxc2 32. Qh4 Bxg1 33. Qd8+ Kf7
0-1

[Event "Lansing (MI Am/4)"]
[Site "?"]
[Date "1993.??.??"]
[Round "?"]
[White "Grzegorczyk, Ron"]
[Black "Reist, Douglas"]
[Result "1-0"]
[WhiteElo "1645"]
[BlackElo "1605"]
[PlyCount "117"]
[EventDate "1993.??.??"]

1. e4 c5 2. Nf3 d6 3. Nc3 a6 4. b3 e6 5. Bb2 Qc7 6. Be2 Nf6 7. d3 Be7 8. O-O
O-O 9. Qd2 Bd7 10. Nd1 Nc6 11. Ne3 b5 12. c4 h6 13. h3 Nh5 14. Nh2 Nf4 15. Neg4
Bg5 16. Qd1 e5 17. Bc1 Nd4 18. Bxf4 exf4 19. Nf3 Nxf3+ 20. Bxf3 Rae8 21. Rc1
Qd8 22. Rc2 Bh4 23. Nh2 Qg5 24. Bg4 f5 25. Nf3 Qf6 26. exf5 Bc6 27. Re1 Bxf3
28. Bxf3 Rxe1+ 29. Qxe1 Qxf5 30. Be4 Qf6 31. Qe2 g6 32. Qg4 g5 33. Kh2 Kg7 34.
Re2 Qd4 35. g3 fxg3+ 36. fxg3 Rf2+ 37. Rxf2 Qxf2+ 38. Bg2 h5 39. Qd7+ Qf7 40.
Qxf7+ Kxf7 41. gxh4 gxh4 42. Bb7 a5 43. cxb5 Ke7 44. Kg2 Kd8 45. Kf3 Kc7 46.
Bc6 Kb6 47. a4 c4 48. bxc4 Kc5 49. Ke3 Kb6 50. d4 Ka7 51. Ke4 Kb6 52. Kf5 Ka7
53. Ke6 Kb6 54. Kxd6 Ka7 55. d5 Kb6 56. Ke7 Ka7 57. d6 Kb6 58. d7 Ka7 59. c5
1-0

[Event "Flint (Class B/5)"]
[Site "?"]
[Date "1993.??.??"]
[Round "?"]
[White "Grzegorczyk, Ron"]
[Black "Munger, Larry"]
[Result "1/2-1/2"]
[WhiteElo "1670"]
[BlackElo "1730"]
[PlyCount "105"]
[EventDate "1993.??.??"]

1. e4 d6 2. d4 Nf6 3. Nc3 g6 4. Nf3 Bg7 5. Be3 O-O 6. Be2 Bg4 7. h3 Bxf3 8.
Bxf3 e5 9. dxe5 dxe5 10. O-O Nc6 11. Nd5 Nxd5 12. exd5 Nd4 13. Bxd4 exd4 14.
Qd3 Qd6 15. c4 dxc3 16. bxc3 c5 17. Rab1 b6 18. Rfe1 Rae8 19. c4 Bd4 20. Re2
Re5 21. Rbe1 Rfe8 22. Rxe5 Rxe5 23. Rxe5 Qxe5 24. Qe4 Qxe4 25. Bxe4 Kf8 26. Kf1
Ke7 27. Ke2 Bb2 28. a4 Bf6 29. Bd3 a5 30. Ke3 Kd6 31. f3 Be7 32. Bc2 Ke5 33.
Bd3 Bg5+ 34. Ke2 Bf4 35. Kf2 Kd4 36. g3 Bd6 37. Be2 Kc3 38. f4 Kb4 39. Ke3 Kxa4
40. Kd3 Kb4 41. Kc2 a4 42. Kb2 b5 43. cxb5 c4 44. b6 Kc5 45. Kc3 Kxb6 46. Bxc4
Kc5 47. Ba2 g5 48. fxg5 Bxg3 49. d6 Bxd6 50. Bxf7 Bf8 51. Kb2 Kb4 52. Bg8 h5
53. gxh6 1/2-1/2

[Event "East Lansing (MOR/5/9)"]
[Site "?"]
[Date "1993.??.??"]
[Round "?"]
[White "Grzegorczyk, Ron"]
[Black "Moore, Robert"]
[Result "0-1"]
[WhiteElo "1640"]
[BlackElo "1700"]
[PlyCount "86"]
[EventDate "1993.??.??"]

{5/(9)} 1. e4 c5 2. Nf3 d6 3. Nc3 Nf6 4. d3 e6 5. Be2 Be7 6. O-O O-O 7. Bd2 a6
8. h3 Qc7 9. Nh2 Nc6 10. f4 Nd4 11. Ng4 Nxe2+ 12. Qxe2 b5 13. b3 Nxg4 14. Qxg4
b4 15. Ne2 f5 16. Qg3 Bf6 17. c3 Qe7 18. e5 Bh4 19. Qh2 Qc7 20. cxb4 cxb4 21.
g3 Be7 22. d4 dxe5 23. fxe5 Qb6 24. Qf2 g5 25. Kh2 Bb7 26. Rac1 Rac8 27. Be3
Bd5 28. h4 h6 29. Qe1 Kg7 30. Qd2 Rb8 31. hxg5 hxg5 32. Bxg5 Rh8+ 33. Kg1 Qd8
34. Bxe7 Qxe7 35. Kf2 Rh2+ 36. Ke1 Rbh8 37. Qf4 Kg6 38. Rf2 Rh1+ 39. Kd2 Rxc1
40. Nxc1 Qc7 41. Ne2 Be4 42. Ke1 Qc2 43. Qd2 Rh1+ 0-1

[Event "East Lansing (MOR/7/24)"]
[Site "?"]
[Date "1993.??.??"]
[Round "?"]
[White "Grzegorczyk, Ron"]
[Black "Hayes, P."]
[Result "0-1"]
[WhiteElo "1640"]
[BlackElo "1605"]
[PlyCount "74"]
[EventDate "1993.??.??"]

{7/(24)} 1. e4 e5 2. Nf3 Nc6 3. Nc3 Nf6 4. Bb5 d6 5. d4 Bd7 6. d5 Nb8 7. Qe2
Be7 8. O-O O-O 9. Ne1 a6 10. Bxd7 Nbxd7 11. f4 exf4 12. Bxf4 Ne5 13. Nf3 Ng6
14. Bg3 Ng4 15. h3 N4e5 16. Nxe5 Nxe5 17. Bxe5 dxe5 18. Qf3 Bc5+ 19. Kh1 Qg5
20. Rad1 Rad8 21. Ne2 Rd6 22. Qg3 Qe7 23. Rf5 Qd8 24. Rxe5 Rg6 25. Qf3 Bd6 26.
Rf5 Qe7 27. Nf4 Rg5 28. Nd3 Rg3 29. Qe2 g6 30. Rf3 Re8 31. Nf2 f5 32. Re1 Qe5
33. Nd3 Qxe4 34. Qxe4 Rxe4 35. Rxe4 fxe4 36. Rxg3 Bxg3 37. Nc5 e3 0-1

[Event "East Lansing (MOR/2/24)"]
[Site "?"]
[Date "1993.??.??"]
[Round "?"]
[White "Grzegorczyk, Ron"]
[Black "Guenther, B."]
[Result "1-0"]
[WhiteElo "1640"]
[BlackElo "1605"]
[PlyCount "84"]
[EventDate "1993.??.??"]

{2/(24)} 1. e4 e5 2. Nf3 Nc6 3. Nc3 Bc5 4. Bb5 Nge7 5. O-O O-O 6. d3 f6 7. Ne2
d6 8. c3 d5 9. exd5 Qxd5 10. Bc4 Qxc4 11. dxc4 Rd8 12. Qe1 Bf5 13. Ng3 Bd3 14.
Ne2 e4 15. Nfd4 Bxd4 16. cxd4 Bxe2 17. Qxe2 Rxd4 18. Be3 Rd3 19. Rad1 Ne5 20.
b3 Nf5 21. Rxd3 exd3 22. Qd2 Rd8 23. Rd1 Nh4 24. Qc3 b6 25. f4 Ng4 26. Rxd3 Re8
27. h3 Nh6 28. Qd2 Nf7 29. Rd7 Nf5 30. Bf2 N7d6 31. Rxc7 Rd8 32. Rxa7 Rb8 33.
g4 Ne4 34. Qd5+ Kh8 35. gxf5 Nc3 36. Qf7 Rg8 37. Re7 h6 38. Re8 Rxe8 39. Qxe8+
Kh7 40. Bxb6 Nxa2 41. Bc5 h5 42. Qf7 Kh8 1-0

[Event "Flint (Class B/1)"]
[Site "?"]
[Date "1993.??.??"]
[Round "?"]
[White "Grzegorczyk, Ron"]
[Black "Gregory, Kevin"]
[Result "0-1"]
[WhiteElo "1670"]
[BlackElo "1795"]
[PlyCount "66"]
[EventDate "1993.??.??"]

1. e4 c6 2. Nf3 d5 3. exd5 cxd5 4. d4 e6 5. Be3 Nf6 6. Be2 Bd6 7. Nbd2 Nc6 8.
Bd3 Nb4 9. Bb5+ Bd7 10. Bxd7+ Qxd7 11. c3 Nd3+ 12. Ke2 Nxb2 13. Qb3 Na4 14. c4
dxc4 15. Nxc4 Nb6 16. Nxb6 axb6 17. Qxb6 Nd5 18. Qb3 Ra3 19. Qb2 O-O 20. Rhc1
Rfa8 21. Rc4 b5 22. Rc2 b4 23. Ne5 Qb7 24. Nc4 Nxe3 25. Nxd6 Qa6+ 26. Nc4 Nxc2
27. Qxc2 Rc3 28. Qe4 Qxc4+ 29. Ke1 Rc8 30. h4 Rc2 31. g4 Qc3+ 32. Kf1 Qxa1+ 33.
Kg2 Qxa2 0-1

[Event "Flint (Class B/3)"]
[Site "?"]
[Date "1993.??.??"]
[Round "?"]
[White "Grzegorczyk, Ron"]
[Black "Foord, Allan"]
[Result "0-1"]
[WhiteElo "1670"]
[BlackElo "1605"]
[PlyCount "126"]
[EventDate "1993.??.??"]

1. e4 c5 2. Nf3 d6 3. Nc3 Nf6 4. d3 Nc6 5. Be2 e6 6. O-O Be7 7. Be3 a6 8. h3
Qc7 9. Bg5 h6 10. Bh4 b5 11. Bg3 Bb7 12. a3 Rd8 13. Na2 e5 14. c4 O-O 15. Nh4
Nd4 16. Nc1 bxc4 17. f3 Nxe2+ 18. Qxe2 cxd3 19. Nxd3 c4 20. Nb4 a5 21. Na2 Nh5
22. Nf5 Nxg3 23. Nxg3 d5 24. exd5 Rxd5 25. Nc3 Rd3 26. Rad1 Rfd8 27. Rxd3 cxd3
28. Qd2 Qb6+ 29. Kh1 Bg5 30. Qd1 Qxb2 31. Nge4 Qxa3 32. Nb1 Qb2 33. Nxg5 hxg5
34. Kg1 Qc2 35. Qe1 d2 36. Qd1 Qxd1 37. Rxd1 e4 38. fxe4 Bxe4 39. Na3 Rd3 40.
Nc4 a4 41. Kf2 Rd4 42. Na3 f5 43. g4 g6 44. Nb5 Rd3 45. gxf5 gxf5 46. h4 gxh4
47. Rg1+ Kf7 48. Ke2 Rd7 49. Nc3 Bc2 50. Nd1 Bxd1+ 51. Kxd1 Kf6 52. Rg8 Rd4 53.
Rf8+ Kg5 54. Rg8+ Kf4 55. Rh8 Ke3 56. Re8+ Re4 57. Rf8 f4 58. Rd8 Rd4 59. Re8+
Kf2 60. Re2+ Kg3 61. Re5 f3 62. Re3 h3 63. Rb3 h2 0-1

[Event "East Lansing (MOR/1a/16)"]
[Site "?"]
[Date "1993.??.??"]
[Round "?"]
[White "Grzegorczyk, Ron"]
[Black "Carpenter, O."]
[Result "1-0"]
[WhiteElo "1640"]
[BlackElo "1605"]
[PlyCount "131"]
[EventDate "1993.??.??"]

1. e4 c5 2. Nf3 Nc6 3. Nc3 d6 4. d3 Nf6 5. Be2 g6 6. O-O Bg7 7. Bd2 O-O 8. Qc1
Bg4 9. h3 Bxf3 10. Bxf3 Nd4 11. Bd1 a6 12. Ne2 d5 13. c3 Nxe2+ 14. Bxe2 e5 15.
exd5 Nxd5 16. Bf3 Rb8 17. Bg5 f6 18. Bh4 Nf4 19. d4 Bh6 20. Kh1 Qd7 21. dxe5
fxe5 22. Rd1 Qc7 23. Bg3 Rbd8 24. Qc2 Rd6 25. Rxd6 Qxd6 26. Rd1 Qc7 27. Qb3+ c4
28. Qxb7 Qxb7 29. Bxb7 Rb8 30. Bxa6 Rxb2 31. Bxc4+ Kg7 32. Rd7+ Kf6 33. Rf7+
Kg5 34. Bb3 Rb1+ 35. Kh2 Re1 36. c4 Nd3 37. f4+ exf4 38. Bxe1 Nxe1 39. c5 Nd3
40. c6 Ne5 41. Rc7 Bf8 42. Rc8 Bd6 43. Bd5 f3 44. gxf3 Nxc6+ 45. Kg2 Ne7 46.
Rd8 Nf5 47. Be4 Ba3 48. Rd3 Bc5 49. Bxf5 gxf5 50. a4 Kf6 51. a5 Ba7 52. a6 f4
53. Rd7 Be3 54. Rxh7 Kg6 55. Rb7 Kg5 56. a7 Bxa7 57. Rxa7 Kh4 58. Rg7 Kh5 59.
Rg4 Kh6 60. Rxf4 Kh5 61. Rg4 Kh6 62. f4 Kh7 63. f5 Kh6 64. f6 Kh7 65. f7 Kh8
66. f8=Q+ 1-0

[Event "Flint (Class A/1)"]
[Site "?"]
[Date "1993.??.??"]
[Round "?"]
[White "Grossman, Jay"]
[Black "Marshall, Larry"]
[Result "0-1"]
[WhiteElo "1800"]
[BlackElo "1905"]
[PlyCount "46"]
[EventDate "1993.??.??"]

1. e4 e6 2. d4 d5 3. Nc3 Nf6 4. Bg5 Bb4 5. e5 h6 6. Bd2 Bxc3 7. Bxc3 Ne4 8. Bb4
c5 9. dxc5 Nc6 10. Bb5 Nxf2 11. Kxf2 Qh4+ 12. g3 Qxb4 13. Bxc6+ bxc6 14. Nf3
Qxc5+ 15. Nd4 O-O 16. c3 f6 17. exf6 e5 18. Kg2 exd4 19. fxg7 Kxg7 20. cxd4 Qb6
21. Qd2 Bf5 22. Rhc1 Rae8 23. Rc3 Bg4 0-1

[Event "Flint (Class A/2)"]
[Site "?"]
[Date "1993.??.??"]
[Round "?"]
[White "Grossman, Jay"]
[Black "June, Brian"]
[Result "1/2-1/2"]
[WhiteElo "1800"]
[BlackElo "1900"]
[PlyCount "108"]
[EventDate "1993.??.??"]

1. e4 c5 2. Nf3 Nc6 3. d4 cxd4 4. Nxd4 e5 5. Nb5 a6 6. Nd6+ Bxd6 7. Qxd6 Qf6 8.
Qd1 Qg6 9. Nc3 Nge7 10. h4 h5 11. Bg5 d5 12. exd5 Nb4 13. Bd3 Bf5 14. Bxf5 Qxf5
15. Rc1 f6 16. Be3 Rd8 17. d6 Kf7 18. a3 Nbc6 19. O-O Qe6 20. Bc5 Nf5 21. g3
Nxd6 22. Bxd6 Rxd6 23. Qe1 Nd4 24. f4 exf4 25. Qxe6+ Rxe6 26. Rxf4 Rd8 27. Kf2
Nc6 28. Rd1 Rxd1 29. Nxd1 Ne5 30. Ne3 Rd6 31. Ke2 Ke6 32. Nc4 Rc6 33. Ne3 g6
34. c3 b5 35. Rd4 Nc4 36. Nxc4 Rxc4 37. Rd8 Rc6 38. Kf3 Ke5 39. Rg8 Kf5 40. Rd8
g5 41. hxg5 fxg5 42. Rd5+ Kf6 43. Rd8 Re6 44. Rf8+ Kg7 45. Rd8 Kg6 46. a4 bxa4
47. Rd4 Rb6 48. Rxa4 Rxb2 49. Rxa6+ Kf5 50. Ra5+ Kf6 51. Ra6+ Ke5 52. Ra5+ Kf6
53. Ra6+ Kf5 54. Ra5+ Kf6 1/2-1/2

[Event "Trenton (Mar)"]
[Site "?"]
[Date "1993.??.??"]
[Round "?"]
[White "Grossman, Jay"]
[Black "Bee, A."]
[Result "1/2-1/2"]
[WhiteElo "1855"]
[BlackElo "1835"]
[PlyCount "108"]
[EventDate "1993.??.??"]

1. e4 d6 2. d4 g6 3. Nc3 Bg7 4. Be3 Nf6 5. f3 c6 6. h4 h5 7. Qd2 b5 8. Nh3 a5
9. Bd3 Na6 10. Nf2 Bd7 11. e5 dxe5 12. dxe5 Nd5 13. Nxd5 cxd5 14. Bf4 Nc5 15.
O-O-O Ne6 16. Kb1 Nxf4 17. Qxf4 Qb6 18. Nh3 Bxh3 19. Rxh3 Bh6 20. Qd4 Qc6 21.
e6 O-O 22. exf7+ Rxf7 23. g4 Bg7 24. Qe3 Qf6 25. Qc1 hxg4 26. fxg4 a4 27. Rf1
Qd4 28. Rxf7 Kxf7 29. Rf3+ Kg8 30. Rf4 Qe5 31. Bxg6 a3 32. Bf7+ Kh7 33. Rf5
Qxb2+ 34. Qxb2 Bxb2 35. Bxd5 Rd8 36. c4 bxc4 37. Bxc4 Rd2 38. Rf7+ Kh8 39. Rxe7
Rh2 40. h5 Bf6 41. Re2 Rxe2 42. Bxe2 Kg7 43. Kc2 Kh6 44. Kd3 Bb2 45. Ke4 Bc1
46. Kd3 Bb2 47. Ke3 Kg5 48. Bd3 Kh6 49. Kf3 Kg5 50. Bg6 Kh6 51. Kf4 Bc1+ 52.
Ke5 Bd2 53. Kf6 Bc1 54. Kf7 Bd2 1/2-1/2

[Event "Ann Arbor (HVA/5/15)"]
[Site "?"]
[Date "1993.??.??"]
[Round "?"]
[White "Griffin, John"]
[Black "Welch, Joseph"]
[Result "0-1"]
[WhiteElo "1605"]
[BlackElo "1605"]
[PlyCount "100"]
[EventDate "1993.??.??"]

{5/(15)} 1. d4 Nf6 2. c4 c5 3. d5 b5 4. cxb5 a6 5. Nc3 g6 6. e3 Bg7 7. Nf3 d6
8. a4 O-O 9. Be2 Bb7 10. Ra3 Nbd7 11. O-O Qc7 12. e4 Rfc8 13. Nd2 Nb6 14. Nc4
Nxc4 15. Bxc4 Nd7 16. Be3 Rcb8 17. f4 Bc8 18. Qc2 Bd4 19. Nd1 Bg7 20. Qf2 Qd8
21. Qc2 Qc7 22. Nf2 Bb7 23. Nd3 Qd8 24. e5 Rc8 25. Raa1 Nb6 26. Rae1 Nxd5 27.
Bxd5 Bxd5 28. Qf2 axb5 29. axb5 Bc4 30. Qc2 Bxb5 31. Rf2 c4 32. Nb4 d5 33. Rd2
e6 34. Bd4 Bf8 35. Qc3 Qe7 36. Nc2 Rcb8 37. Ra1 Rxa1+ 38. Nxa1 Ra8 39. Rd1 Qb7
40. Rc1 Rb8 41. b3 Ba6 42. g4 Ba3 43. Rc2 Bb4 44. Qb2 Qb5 45. Kg2 cxb3 46. Nxb3
Qf1+ 47. Kg3 Be1+ 48. Bf2 Qd3+ 49. Kg2 Rxb3 50. Qc1 Qf1# 0-1

[Event "East Lansing (MOR/4/29)"]
[Site "?"]
[Date "1993.??.??"]
[Round "?"]
[White "Griffin, John"]
[Black "Smeckert, Dennis"]
[Result "1-0"]
[WhiteElo "1605"]
[BlackElo "1605"]
[PlyCount "83"]
[EventDate "1993.??.??"]

{4/(29)} 1. d4 d5 2. c4 e5 3. dxe5 d4 4. Nf3 Nc6 5. Nbd2 Be6 6. a3 a5 7. Nb3
Qd7 8. e3 dxe3 9. Qxd7+ Bxd7 10. Bxe3 b6 11. Be2 Nge7 12. Nbd4 h6 13. Nxc6 Nxc6
14. O-O Bc5 15. Bxc5 bxc5 16. b3 O-O 17. Rad1 Bg4 18. Rd5 Bxf3 19. Bxf3 Nd4 20.
Rxc5 Nxf3+ 21. gxf3 Rfb8 22. Rb1 Ra7 23. b4 axb4 24. axb4 Rb6 25. Rd5 f6 26. c5
Re6 27. f4 fxe5 28. fxe5 c6 29. Rd6 Rxe5 30. Rxc6 Re2 31. Rg6 Raa2 32. Rf1 Kf7
33. Rg4 Rac2 34. Kg2 g5 35. Rd4 h5 36. Rd5 Kf6 37. b5 Re5 38. Rxe5 Kxe5 39. c6
Kd6 40. Rb1 Kc5 41. b6 h4 42. b7 1-0

[Event "East Lansing (MOR/2/3)"]
[Site "?"]
[Date "1993.??.??"]
[Round "?"]
[White "Griffin, John"]
[Black "Sledge, Ernest"]
[Result "0-1"]
[WhiteElo "1605"]
[BlackElo "1770"]
[PlyCount "118"]
[EventDate "1993.??.??"]

{2/(3)} 1. d4 d5 2. c4 e6 3. g3 Nf6 4. Bg2 h6 5. Nf3 Nbd7 6. Nbd2 c6 7. O-O Bd6
8. b3 O-O 9. Qc2 Re8 10. Bb2 Nf8 11. e4 Bb8 12. e5 N6h7 13. cxd5 exd5 14. Rfe1
Ne6 15. b4 Bd7 16. Rac1 a5 17. a3 a4 18. Nb1 b5 19. Nc3 Nhg5 20. h4 Nxf3+ 21.
Bxf3 Nxd4 22. Qd3 Ba7 23. Bg2 Bf5 24. Qf1 Qb8 25. Ne2 Bd3 26. Bxd4 Bxd4 27.
Rcd1 Bxe2 28. Qxe2 Bc3 29. Rf1 Bxe5 30. Qc2 Qb6 31. Rc1 Rac8 32. Rfe1 Bxg3 33.
Rxe8+ Rxe8 34. Qc5 Qxc5 35. Rxc5 Bxh4 36. Rxc6 Re1+ 37. Bf1 Ra1 38. Rc3 Ra2 39.
Bxb5 Bxf2+ 40. Kf1 d4 41. Rc8+ Kh7 42. Bxa4 Be3 43. Bc2+ g6 44. a4 h5 45. Rc7
Kh6 46. Bb3 Ra1+ 47. Ke2 f5 48. b5 Rb1 49. Bc2 Rb2 50. Kd3 h4 51. Rc6 h3 52.
Rc8 Kg5 53. Rh8 Kg4 54. a5 Rxb5 55. Ba4 Rxa5 56. Bc6 Ra3+ 57. Ke2 h2 58. Bf3+
Kf4 59. Bc6 d3+ 0-1

[Event "Flint (Class B/3)"]
[Site "?"]
[Date "1993.??.??"]
[Round "?"]
[White "Griffin, John"]
[Black "Ruark, D."]
[Result "0-1"]
[WhiteElo "1605"]
[BlackElo "1685"]
[PlyCount "112"]
[EventDate "1993.??.??"]

1. c4 e5 2. Nc3 Nf6 3. g3 Bc5 4. Bg2 O-O 5. e3 d6 6. d4 exd4 7. exd4 Re8+ 8.
Nge2 Bb4 9. O-O c6 10. Qc2 Be6 11. a3 Bxc3 12. Qxc3 d5 13. c5 h6 14. Bf4 Qd7
15. Rae1 Bf5 16. Qc1 Kh7 17. Nc3 Na6 18. Be5 Bd3 19. Ne2 Nc7 20. f3 Ng8 21. Qd2
Bf5 22. Nc3 f6 23. Bd6 Rxe1 24. Rxe1 Re8 25. Rxe8 Nxe8 26. Bf4 g5 27. Be3 Bh3
28. f4 Bxg2 29. Kxg2 Qf5 30. fxg5 fxg5 31. Qe2 Nef6 32. Qf2 Kg6 33. Qxf5+ Kxf5
34. h3 h5 35. b4 g4 36. Bf4 a6 37. Be5 Nd7 38. Bf4 Ngf6 39. hxg4+ Kxg4 40. Bh6
Ne4 41. Ne2 Ndf6 42. Bf4 Ng5 43. Be5 Nfe4 44. Bf4 Nf3 45. Bh6 Ne1+ 46. Kh2 Nd3
47. Kg2 Nb2 48. Bc1 Nc4 49. Kh2 Ncd2 50. Nf4 h4 51. Ne6 hxg3+ 52. Kg2 Nf3 53.
Nd8 Nh4+ 54. Kg1 Kh3 55. Be3 g2 56. Bf4 Nf3# 0-1

[Event "Lansing (MI Am/5)"]
[Site "?"]
[Date "1993.??.??"]
[Round "?"]
[White "Griffin, John"]
[Black "Rosebrook, G."]
[Result "0-1"]
[WhiteElo "1615"]
[BlackElo "1605"]
[PlyCount "106"]
[EventDate "1993.??.??"]

1. d4 Nf6 2. c4 e6 3. g3 c6 4. Bg2 d5 5. Nc3 Bb4 6. cxd5 cxd5 7. Bd2 Bxc3 8.
bxc3 Nc6 9. Qc2 Rb8 10. Nf3 h6 11. O-O Qc7 12. Rab1 b6 13. Rfc1 g5 14. e3 Ba6
15. Be1 Na5 16. Nd2 h5 17. e4 Bb7 18. e5 Ng4 19. h3 Nh6 20. Qd3 Nf5 21. Qb5+
Qc6 22. Qxc6+ Nxc6 23. Bf1 Ke7 24. Nb3 Nh6 25. Rc2 Ng8 26. f4 g4 27. h4 Nh6 28.
a3 Nf5 29. Bf2 Bc8 30. c4 Bd7 31. cxd5 exd5 32. Ba6 Ke6 33. Rbc1 Nfe7 34. Kg2
Rhf8 35. Bg1 f6 36. Bb5 Rbc8 37. Ba6 Rc7 38. Bd3 fxe5 39. dxe5 Rcc8 40. Bb5 Rc7
41. Bxc6 Bxc6 42. Nd4+ Kd7 43. Nb5 d4+ 44. Kf1 Bxb5+ 45. Ke1 Rxc2 46. Rxc2 Rc8
47. Rxc8 Kxc8 48. Bxd4 Kd7 49. Kd2 Nd5 50. Bb2 Ke6 51. Bd4 Ne7 52. Bf2 Kd5 53.
Kc3 Bc4 0-1

[Event "Lansing (MI Am/3)"]
[Site "?"]
[Date "1993.??.??"]
[Round "?"]
[White "Griffin, John"]
[Black "Phalen, Michael"]
[Result "1-0"]
[WhiteElo "1615"]
[BlackElo "1605"]
[PlyCount "173"]
[EventDate "1993.??.??"]

1. d4 d5 2. c4 Nf6 3. g3 Nc6 4. Nf3 Bg4 5. Bg2 dxc4 6. Nc3 Bxf3 7. Bxf3 Nxd4 8.
Bxb7 Rb8 9. Bg2 e5 10. O-O Bc5 11. Qa4+ Qd7 12. Qxd7+ Nxd7 13. e3 Nc2 14. Rb1
Nf6 15. b3 cxb3 16. axb3 O-O 17. Ne4 Nxe4 18. Bxe4 Nb4 19. Bb2 f6 20. Rfc1 Bd6
21. Ra1 a6 22. Ba3 Rfd8 23. Bxb4 Rxb4 24. Bd5+ Kf8 25. Rxa6 Rb6 26. Ra4 c6 27.
Be4 Rxb3 28. Rxc6 Ke7 29. Bf5 Rb7 30. Bxh7 Rc7 31. Rac4 Rxc6 32. Rxc6 Kf7 33.
Be4 g6 34. Ra6 f5 35. Bd5+ Kf6 36. h4 g5 37. h5 Kg7 38. f3 f4 39. Kf2 fxe3+ 40.
Kxe3 e4 41. Bxe4 Bxg3 42. Rg6+ Kf7 43. Rxg5 Bh4 44. Rb5 Rh8 45. f4 Kf6 46. Rb6+
Ke7 47. Kf3 Rxh5 48. Kg4 Rh8 49. Rb7+ Kf6 50. Rb6+ Ke7 51. Bg6 Bf2 52. Ra6 Rg8
53. f5 Bd4 54. Kf4 Rh8 55. Re6+ Kd7 56. Ke4 Bc3 57. Kd5 Rf8 58. Ra6 Rc8 59. f6
Rf8 60. f7 Ke7 61. Re6+ Kd7 62. Re8 Bb4 63. Bf5+ Kc7 64. Ke6 Kc6 65. Be4+ Kc7
66. Kf6 Bc3+ 67. Kg6 Bb4 68. Kg7 Rxf7+ 69. Kxf7 Kd6 70. Rd8+ Ke5 71. Bb1 Bc3
72. Kg6 Bb4 73. Ba2 Bc3 74. Rd5+ Ke4 75. Kg5 Bd2+ 76. Rxd2 Ke3 77. Rd5 Ke4 78.
Bc4 Ke3 79. Kf5 Kf3 80. Re5 Kg3 81. Re4 Kf3 82. Bd3 Kg3 83. Re3+ Kf2 84. Kf4
Kg2 85. Re2+ Kh3 86. Rf2 Kh4 87. Rh2# 1-0

[Event "Ann Arbor (HVA/3/11)"]
[Site "?"]
[Date "1993.??.??"]
[Round "?"]
[White "Griffin, John"]
[Black "Moore, Robert"]
[Result "0-1"]
[WhiteElo "1605"]
[BlackElo "1760"]
[PlyCount "114"]
[EventDate "1993.??.??"]

{3/(11)} 1. d4 g6 2. c4 d6 3. g3 Bg7 4. Bg2 Nd7 5. Nc3 c5 6. Nf3 cxd4 7. Nxd4
Ngf6 8. O-O O-O 9. e4 a6 10. h3 Ne5 11. Qe2 Bd7 12. Rb1 Qc8 13. b3 Bxh3 14. Nd5
Nxd5 15. cxd5 Bxg2 16. Kxg2 h5 17. Nf3 Qg4 18. Ng1 Qxe2 19. Nxe2 Rac8 20. Bd2
Rc2 21. Rfd1 Rxa2 22. Nc3 Rc2 23. Rbc1 Rxc1 24. Rxc1 Nd3 25. Rc2 Rc8 26. Kf3
Nb4 27. Rc1 b5 28. Ne2 Rxc1 29. Nxc1 Nc2 30. Ke2 Nd4+ 31. Kd3 Nf3 32. Ba5 Ne5+
33. Ke2 Nd7 34. Bd8 Kf8 35. Ba5 Nc5 36. Bd2 Nxe4 37. Be3 Nc3+ 38. Kd3 Nxd5 39.
Bd2 b4 40. Ne2 a5 41. Kc4 e6 42. Kb5 Nc3+ 43. Nxc3 Bxc3 44. Bf4 e5 45. Bc1 d5
46. f3 d4 47. Kc4 Ke7 48. Kd3 Ke6 49. Bg5 f6 50. Bc1 f5 51. Bg5 Kd5 52. Bd8 a4
53. bxa4 b3 54. Bf6 b2 55. Kc2 d3+ 56. Kb1 d2 57. Kc2 d1=Q+ 0-1